000 00980nam a2200229Ia 4500
003 Ost
005 20260507075235.0
008 260507s9999||||xx |||||||||||||| ||und||
040 _cfsecg
041 _aara
082 _a330
100 _aالرفاعي، غالب عوض
_eمؤلف
245 0 _aالمحاسبة المالية 1 :
_bالاصول العلمية و العملية /
_c غالب عوض الرفاعي
260 _aعمان:
_bدار اليازوري,
_c2010
300 _a223 صفحة؛
_bإيضاحات ؛
_c24 سم
504 _aمراجع ص.223
520 _aالمعادلة المحاسبية و تطبيقاتها، تسجيل العمليات المحاسبية ، التسويات الجردية ، الدورة المحاسبية ، المعالجة المحاسبية لعمليات البضاعة .
653 _aالإدارة المالية
653 _aالمالية- المحاسبة
653 _aالمحاسبة
942 _cكتاب
999 _c43581
_d43581